Qui ont dit ses phrases célèbres - Statistiques

Statistiques générales
  • Ce quiz a été pris 22 fois
  • Le résultat moyen est 1 sur 15
Statistiques - réponses
Phrase Qui l'a dit % Correct
Moi j’adore l’eau, dans 20 ou 30 ans y en aura plus. Jean-Claude Van Damme
90%
Si vous voulez vivre une vie heureuse, attachez-la à un objectif, pas à des personnes ou à des choses. Albert Einstein
20%
Soyez vous-même, tous les autres sont déjà pris. Oscar Wilde
15%
La plus grande gloire de la vie n'est pas de ne jamais tomber, mais de se relever chaque fois que l'on tombe. Nelson Mandela
10%
Le but de notre vie est d'être heureux. Dalaï Lama
5%
Si vous dites la vérité, vous n'avez pas à vous souvenir de quoi que ce soit. Mark Twain
5%
Le succès n'est pas la clé du bonheur. Le bonheur est la clé du succès. Si vous aimez ce que vous faites, vous réussirez. Albert Schweitzer
0%
Nous ne nous souvenons pas des jours, nous nous souvenons des moments. Cesare Pavese
0%
Ne pleurez pas parce que c'est fini, souriez parce que c'est arrivé. Dr. Seuss
0%
On ne vit qu'une fois, mais si on le fait bien, une fois suffit Mae West
0%
Ne comptez pas les jours, faites en sorte que les jours comptent. Muhammad Ali
0%
Le but de la vie est d'avoir un but dans la vie. Robert Byrne
0%
La façon de commencer est d'arrêter de parler et de commencer à faire. Walt Disney
0%
Vous ratez 100 % des tirs que vous ne prenez pas. Wayne Gretzky
0%
Le succès n'est pas définitif, l'échec n'est pas fatal : c'est le courage de continuer qui compte. Winston S. Churchill
0%
Aucun quiz correspondant
Distribution des résultats
% des personnes avec chaque résultat
Percentile par nombre de réponses
Votre historique - résultats
Vous n’avez pas pris ce quiz